Real Madryt, jesień 2019/2020 - Statystyki

Ogólne statystyki
  • Ten quiz został rozwiązany 597 razy
    473 od ostatniego zresetowania
  • Średni wynik to 20 z 26
Statystyki odpowiedzi
Pozycja Imię i Nazwisko % Poprawnych
Obrońca Sergio Ramos
98%
Pomocnik Luka Modrić
97%
Napastnik Karim Benzema
96%
Obrońca Marcelo
92%
Pomocnik Toni Kroos
92%
Obrońca Raphael Varane
91%
Obrońca Daniel Carvajal
89%
Bramkarz Thibaut Courtois
88%
Pomocnik Casemiro
87%
Napastnik Gareth Bale
86%
Bramkarz Keylor Navas
83%
Obrońca Ferland Mendy
80%
Napastnik Rodrygo
78%
Napastnik Eden Hazard
76%
Obrońca Nacho
76%
Pomocnik Federico Valverde
75%
Pomocnik Isco
73%
Obrońca Eder Militao
70%
Napastnik Luka Jović
69%
Napastnik Marco Asensio
68%
Napastnik Vinicius Junior
66%
Napastnik Mariano
65%
Napastnik Lucas Vazquez
63%
Obrońca Alvaro Odriozola
50%
Pomocnik James Rodriguez
48%
Napastnik Brahim Diaz
28%
Nie znaleziono quizów pasujących do podanych kryteriów
Rozkład punktacji
Procent ludzi z każdym wynikiem
Percentyl według liczby udzielonych odpowiedzi
Twoja historia wyników
Nie rozwiązałeś tego quizu od ostatniego zresetowania